[Event "BCF-chT2a 1920 (4NCL)"]
[Site "Daventry"]
[Date "2020.01.12"]
[Round "4.27"]
[White "Dunn, Andrew"]
[Black "Lunn, Matthew"]
[Result "1/2-1/2"]
[WhiteElo "2065"]
[BlackElo "2057"]
[PlyCount "28"]
[EventDate "2020.01.11"]
[EventType "team-tourn"]
[EventRounds "11"]
[EventCountry "ENG"]
[SourceTitle "CBM 194 Extra"]
[Source "ChessBase"]
[SourceDate "2020.03.31"]
[SourceVersion "1"]
[SourceVersionDate "2020.03.31"]
[SourceQuality "1"]
[WhiteTeam "North East England"]
[BlackTeam "Sussex Martlets"]
[WhiteTeamCountry "ENG"]
[BlackTeamCountry "ENG"]

1. d4 Nf6 2. c4 g6 3. Nc3 Bg7 4. e4 d6 5. Be2 0-0 6. Nf3 e5 7. dxe5 dxe5 8. Qxd8 Rxd8 9. Bg5 Re8 10. 0-0 Na6 11. h3 Nc5 12. Nd2 Ne6 13. Bd3 Bd7 14. Nb3 Bc6 1/2-1/2

[Event "BCF-chT2a 1920 (4NCL)"]
[Site "Daventry"]
[Date "2020.01.11"]
[Round "3.37"]
[White "Lunn, Matthew"]
[Black "Cooper, David M"]
[Result "1/2-1/2"]
[WhiteElo "2057"]
[BlackElo "2015"]
[PlyCount "46"]
[EventDate "2020.01.11"]
[EventType "team-tourn"]
[EventRounds "11"]
[EventCountry "ENG"]
[SourceTitle "CBM 194 Extra"]
[Source "ChessBase"]
[SourceDate "2020.03.31"]
[SourceVersion "1"]
[SourceVersionDate "2020.03.31"]
[SourceQuality "1"]
[WhiteTeam "Sussex Martlets"]
[BlackTeam "Warwicks Select"]
[WhiteTeamCountry "ENG"]
[BlackTeamCountry "ENG"]

1. d4 d5 2. c4 c6 3. Nf3 Nf6 4. e3 Bf5 5. Nc3 e6 6. Nh4 Be4 7. f3 Bg6 8. Qb3 Qc7 9. Bd2 Nbd7 10. cxd5 exd5 11. Nxg6 hxg6 12. 0-0-0 Bd6 13. h3 0-0-0 14. Kb1 Kb8 15. Rc1 Qb6 16. Qxb6 Nxb6 17. Bd3 Bc7 18. b4 a6 19. a4 Bd6 20. a5 Nc8 21. Na4 Na7 22. Nc5 Nb5 23. Rhe1 Rhe8 1/2-1/2

[Event "BCF-chT2b 1819 (4NCL)"]
[Site "England"]
[Date "2019.01.13"]
[Round "4.57"]
[White "Harari, Zaki"]
[Black "Lunn, Matthew"]
[Result "1/2-1/2"]
[WhiteElo "2033"]
[BlackElo "2072"]
[PlyCount "40"]
[EventDate "2018.11.10"]
[EventType "team-tourn"]
[EventRounds "11"]
[EventCountry "ENG"]
[SourceTitle "EXT 2021"]
[Source "ChessBase"]
[SourceDate "2020.10.23"]
[SourceVersion "1"]
[SourceVersionDate "2020.10.23"]
[SourceQuality "1"]
[WhiteTeam "Barbican II"]
[BlackTeam "Sussex Martlets"]
[WhiteTeamCountry "ENG"]
[BlackTeamCountry "ENG"]

1. e4 c5 2. Nf3 Nc6 3. Bb5 g6 4. 0-0 Bg7 5. c3 Nf6 6. Qa4 0-0 7. d4 cxd4 8. cxd4 d5 9. e5 Ne4 10. Bxc6 bxc6 11. Qxc6 Bg4 12. Nbd2 Rc8 13. Qa6 Nxd2 14. Bxd2 Rc2 15. Bc3 Bxf3 16. gxf3 e6 17. Qd3 Qg5+ 18. Kh1 Qh5 19. Qxc2 Qxf3+ 20. Kg1 Qg4+ 1/2-1/2

[Event "BCF-chT2 1718 (4NCL) Demotion pool"]
[Site "England"]
[Date "2018.03.18"]
[Round "8.78"]
[White "Lunn, Matthew"]
[Black "Patel, Devan"]
[Result "1/2-1/2"]
[WhiteElo "2043"]
[BlackElo "1855"]
[PlyCount "62"]
[EventDate "2017.11.11"]
[EventType "team-tourn"]
[EventRounds "11"]
[EventCountry "ENG"]
[SourceTitle "EXT 2020"]
[Source "ChessBase"]
[SourceDate "2019.10.17"]
[SourceVersion "1"]
[SourceVersionDate "2019.10.17"]
[SourceQuality "1"]
[WhiteTeam "Sussex Martlets"]
[BlackTeam "Warwicks Select"]
[WhiteTeamCountry "ENG"]
[BlackTeamCountry "ENG"]

1. d4 d5 2. c4 e6 3. Nc3 Nf6 4. cxd5 exd5 5. Bg5 Be7 6. e3 c6 7. Bd3 Nbd7 8. Qc2 h6 9. Bh4 0-0 10. Nge2 Re8 11. 0-0 Ne4 12. Bxe7 Qxe7 13. Rae1 Ndf6 14. f3 Nxc3 15. Nxc3 Be6 16. Qf2 Rad8 17. g4 g6 18. h3 h5 19. Qg3 hxg4 20. fxg4 Kg7 21. Rf4 Qb4 22. Qf2 Nh7 23. Rf1 Rd7 24. h4 Rh8 25. g5 Qe7 26. Qg3 Qb4 27. Nd1 Qd2 28. Bb1 Nf8 29. R4f2 Qa5 30. Rf4 Qd2 31. R4f2 Qa5 1/2-1/2

[Event "Reykjavik op"]
[Site "Reykjavik"]
[Date "2018.03.08"]
[Round "4"]
[White "Thorsson, Pall"]
[Black "Lunn, Matthew"]
[Result "0-1"]
[WhiteElo "1693"]
[BlackElo "2069"]
[PlyCount "60"]
[EventDate "2018.03.06"]
[EventType "swiss"]
[EventRounds "9"]
[EventCountry "ISL"]
[SourceTitle "CBM 183 Extra"]
[Source "ChessBase"]
[SourceDate "2018.04.19"]
[SourceVersion "1"]
[SourceVersionDate "2018.04.19"]
[SourceQuality "1"]

1. e4 c5 2. Nc3 Nc6 3. g3 g6 4. Bg2 Bg7 5. Nge2 d6 6. 0-0 Nf6 7. d3 0-0 8. h3 Rb8 9. g4 b5 10. Ng3 b4 11. Nce2 Nd4 12. f4 Nd7 13. Rb1 a5 14. Be3 Ba6 15. Nxd4 cxd4 16. Bd2 a4 17. b3 a3 18. h4 e5 19. f5 Qxh4 20. Kf2 Bh6 21. Qc1 Bxd2 22. Qxd2 Qxg4 23. Bf3 Qf4 24. Qd1 Rfc8 25. Kg2 Rc7 26. Bg4 Qg5 27. fxg6 hxg6 28. Nf5 Nf6 29. Nh6+ Kg7 30. Nf5+ gxf5 0-1

[Event "Reykjavik op"]
[Site "Reykjavik"]
[Date "2018.03.07"]
[Round "3"]
[White "Lunn, Matthew"]
[Black "Doluhanova, Evgeniya"]
[Result "0-1"]
[WhiteElo "2069"]
[BlackElo "2275"]
[PlyCount "88"]
[EventDate "2018.03.06"]
[EventType "swiss"]
[EventRounds "9"]
[EventCountry "ISL"]
[SourceTitle "CBM 183 Extra"]
[Source "ChessBase"]
[SourceDate "2018.04.19"]
[SourceVersion "1"]
[SourceVersionDate "2018.04.19"]
[SourceQuality "1"]

1. d4 Nf6 2. c4 e6 3. Nc3 Bb4 4. Qc2 d5 5. cxd5 exd5 6. Bg5 h6 7. Bxf6 Qxf6 8. a3 Bxc3+ 9. Qxc3 c6 10. Nf3 0-0 11. e3 Bf5 12. Bd3 Nd7 13. Bxf5 Qxf5 14. 0-0 Rfe8 15. b4 a6 16. a4 Rac8 17. Qb3 Re6 18. Rfc1 Nf6 19. Ra2 Ne4 20. Rac2 Rce8 21. b5 cxb5 22. axb5 Rb6 23. Qa2 Rxb5 24. Rc7 Kh7 25. Ne5 f6 26. Nd3 Nd6 27. Nc5 b6 28. Qxa6 bxc5 29. Qxd6 cxd4 30. exd4 Rb1 31. f3 Re2 32. Qg3 Rxc1+ 33. Rxc1 Qd3 34. Qf4 Rd2 35. h4 Qxd4+ 36. Qxd4 Rxd4 37. h5 Rh4 38. Rd1 Rxh5 39. g4 Re5 40. Kf2 g5 41. Ra1 h5 42. gxh5 Kh6 43. Ra6 Rf5 44. Ke3 d4+ 0-1

[Event "BCF-chT2a 1718 (4NCL)"]
[Site "England"]
[Date "2018.01.14"]
[Round "4.27"]
[White "Lunn, Matthew"]
[Black "Gilfillan, Andrew"]
[Result "1/2-1/2"]
[WhiteElo "2081"]
[BlackElo "1979"]
[PlyCount "90"]
[EventDate "2017.11.11"]
[EventType "team-tourn"]
[EventRounds "7"]
[EventCountry "ENG"]
[SourceTitle "EXT 2020"]
[Source "ChessBase"]
[SourceDate "2019.10.17"]
[SourceVersion "1"]
[SourceVersionDate "2019.10.17"]
[SourceQuality "1"]
[WhiteTeam "Sussex Martlets"]
[BlackTeam "Kings Head"]
[WhiteTeamCountry "ENG"]
[BlackTeamCountry "ENG"]

1. d4 f5 2. g3 e6 3. Bg2 d5 4. Nf3 Nf6 5. 0-0 Bd6 6. c4 c6 7. b3 0-0 8. Ba3 Ne4 9. Ne5 Bxa3 10. Nxa3 Nd7 11. Nxd7 Bxd7 12. Nc2 Be8 13. Ne1 Bh5 14. Nf3 Bxf3 15. exf3 Nd6 16. c5 Ne8 17. Re1 Rf6 18. f4 Nc7 19. b4 a5 20. a3 axb4 21. axb4 Rf8 22. Bf1 Qf6 23. Qd2 h6 24. h4 Kh7 25. Ra5 Rab8 26. Rb1 b6 27. Ra7 Rfc8 28. cxb6 Rxb6 29. Qc3 Nb5 30. Bxb5 Rxb5 31. Ra5 Rb6 32. Rc5 Qe7 33. Qe1 Rcb8 34. Qe5 Qf6 35. Qxf6 gxf6 36. h5 Rxb4 37. Re1 Rb1 38. Kf1 R8b6 39. Rxb1 Rxb1+ 40. Ke2 Rb6 41. Ra5 Rb7 42. Ra8 Rc7 43. Re8 Kg7 44. Rxe6 Kf7 45. Re3 c5 1/2-1/2

[Event "BCF-chT2a 1718 (4NCL)"]
[Site "England"]
[Date "2018.01.13"]
[Round "3.35"]
[White "Russell, Christopher"]
[Black "Lunn, Matthew"]
[Result "1-0"]
[WhiteElo "2111"]
[BlackElo "2081"]
[PlyCount "103"]
[EventDate "2017.11.11"]
[EventType "team-tourn"]
[EventRounds "7"]
[EventCountry "ENG"]
[SourceTitle "EXT 2020"]
[Source "ChessBase"]
[SourceDate "2019.10.17"]
[SourceVersion "1"]
[SourceVersionDate "2019.10.17"]
[SourceQuality "1"]
[WhiteTeam "Barbican Youth"]
[BlackTeam "Sussex Martlets"]
[WhiteTeamCountry "ENG"]
[BlackTeamCountry "ENG"]

1. e4 c5 2. c3 d5 3. exd5 Qxd5 4. Nf3 Nf6 5. Na3 Nc6 6. h3 e6 7. d4 cxd4 8. Nb5 Qd8 9. Nbxd4 Nxd4 10. Qxd4 Qxd4 11. Nxd4 a6 12. Be2 Be7 13. 0-0 0-0 14. Re1 Rd8 15. Bf4 Nd5 16. Bg3 Bf6 17. Rad1 Bd7 18. Bf3 Ba4 19. Nb3 Rac8 20. Be5 Bxe5 21. Rxe5 Bc6 22. Na5 Ne7 23. Rxd8+ Rxd8 24. Nxb7 Rb8 25. Bxc6 Nxc6 26. Rc5 Ne7 27. Rc7 Nd5 28. Rd7 Kf8 29. Nd6 Rxb2 30. Rxf7+ Kg8 31. Ra7 h6 32. c4 Nf4 33. Rxa6 Ne2+ 34. Kh2 Nc3 35. c5 Rxf2 36. Nb7 Rc2 37. a4 e5 38. a5 e4 39. Re6 Na4 40. Rxe4 Nxc5 41. Re8+ Kh7 42. Rc8 Nxb7 43. Rxc2 Nxa5 44. Kg3 Nb3 45. Rc4 Nd2 46. Rb4 Kg6 47. Kf4 Nf1 48. Rd4 Kf6 49. Rd1 g5+ 50. Kf3 g4+ 51. hxg4 Nh2+ 52. Kg3 1-0

[Event "EU-chT Railways USIC"]
[Site "Korenov"]
[Date "2017.10.11"]
[Round "3.2"]
[White "Lunn, Matthew"]
[Black "Muzik, Martin"]
[Result "1/2-1/2"]
[WhiteElo "2091"]
[BlackElo "2158"]
[PlyCount "41"]
[EventDate "2017.10.10"]
[EventType "team-tourn"]
[EventRounds "5"]
[EventCountry "CZE"]
[SourceTitle "CBM 181 Extra"]
[Source "ChessBase"]
[SourceDate "2017.12.12"]
[SourceVersion "1"]
[SourceVersionDate "2017.12.12"]
[SourceQuality "1"]
[WhiteTeam "Great Britain"]
[BlackTeam "Czech Republic"]
[WhiteTeamCountry "GBR"]
[BlackTeamCountry "CZE"]

1. d4 d6 2. Nf3 Bg4 3. c4 Bxf3 4. exf3 Nd7 5. Nc3 g6 6. f4 Bg7 7. g3 c5 8. d5 Bxc3+ 9. bxc3 Qa5 10. Qb3 0-0-0 11. Bd2 Ngf6 12. Bd3 Qc7 13. 0-0 h6 14. Rfe1 Rde8 15. Re2 Nb6 16. a4 Kb8 17. a5 Nc8 18. a6 b6 19. Rae1 Qd7 20. Qb5 Kc7 21. Kg2 1/2-1/2

[Event "EU-chT Railways USIC 19th"]
[Site "St Petersburg"]
[Date "2016.07.07"]
[Round "4.7"]
[White "Lunn, Matthew"]
[Black "Swapnil, S Dhopade"]
[Result "0-1"]
[WhiteElo "2065"]
[BlackElo "2500"]
[PlyCount "80"]
[EventDate "2016.07.05"]
[EventType "team-swiss"]
[EventRounds "5"]
[EventCountry "RUS"]
[SourceTitle "EXT 2020"]
[Source "ChessBase"]
[SourceDate "2019.10.17"]
[SourceVersion "1"]
[SourceVersionDate "2019.10.17"]
[SourceQuality "1"]
[WhiteTeam "England (rail)"]
[BlackTeam "India (rail)"]
[WhiteTeamCountry "ENG"]
[BlackTeamCountry "IND"]

1. d4 Nf6 2. c4 c5 3. d5 b5 4. cxb5 a6 5. b6 d6 6. Nc3 Nbd7 7. a4 Qxb6 8. a5 Qa7 9. e4 g6 10. Nf3 Bg7 11. Be2 0-0 12. 0-0 Rb8 13. Nd2 Ne8 14. Nc4 Nc7 15. Be3 Nb5 16. Na4 f5 17. exf5 gxf5 18. f4 Nf6 19. Nab6 Qc7 20. Rc1 Ng4 21. Bxg4 fxg4 22. Nxc8 Qxc8 23. Qd3 Qf5 24. Qxf5 Rxf5 25. Rfd1 Nd4 26. Kf1 Rxd5 27. Nb6 Rh5 28. b4 Nf5 29. Bg1 cxb4 30. Rc7 b3 31. Ra7 g3 32. h3 Rh4 33. Rxa6 Rxf4+ 34. Ke2 b2 35. Ra7 Rb4 36. Rb1 Bd4 37. Bxd4 Nxd4+ 38. Kd3 Nc6 39. Ra6 Rb5 40. Kc4 Rc5+ 0-1

[Event "EU-chT Railways USIC 19th"]
[Site "St Petersburg"]
[Date "2016.07.05"]
[Round "1.1"]
[White "Lunn, Matthew"]
[Black "Boulet, Philippe"]
[Result "1-0"]
[WhiteElo "2065"]
[BlackElo "2107"]
[PlyCount "59"]
[EventDate "2016.07.05"]
[EventType "team-swiss"]
[EventRounds "5"]
[EventCountry "RUS"]
[SourceTitle "EXT 2020"]
[Source "ChessBase"]
[SourceDate "2019.10.17"]
[SourceVersion "1"]
[SourceVersionDate "2019.10.17"]
[SourceQuality "1"]
[WhiteTeam "England (rail)"]
[BlackTeam "France (rail)"]
[WhiteTeamCountry "ENG"]
[BlackTeamCountry "FRA"]

1. d4 d5 2. c4 c6 3. Nf3 Nf6 4. Nbd2 Bf5 5. Nh4 Bg6 6. Qb3 Qc7 7. e3 e6 8. Nxg6 hxg6 9. Nf3 Nbd7 10. Bd3 Ne4 11. Bd2 Ndf6 12. Ke2 g5 13. Bb4 Bxb4 14. Qxb4 Qe7 15. Qxe7+ Kxe7 16. Ne5 Rh6 17. h3 Rah8 18. Rhc1 Nd7 19. cxd5 exd5 20. Nxd7 Kxd7 21. Bxe4 dxe4 22. Rc5 f6 23. d5 Rd8 24. dxc6+ bxc6 25. Rd1+ Ke7 26. Rxd8 Kxd8 27. Rxc6 g4 28. hxg4 Rh2 29. g3 Rh1 30. Ra6 1-0

[Event "BCF-chT2b 1516 (4NCL)"]
[Site "England"]
[Date "2015.11.14"]
[Round "1.28"]
[White "Lunn, Matthew"]
[Black "Frostick, Clive A"]
[Result "1/2-1/2"]
[WhiteElo "2064"]
[BlackElo "2175"]
[PlyCount "25"]
[EventDate "2015.11.14"]
[EventType "team-tourn"]
[EventRounds "7"]
[EventCountry "ENG"]
[SourceTitle "CBM 169 Extra"]
[Source "ChessBase"]
[SourceDate "2015.12.18"]
[SourceVersion "1"]
[SourceVersionDate "2015.12.18"]
[SourceQuality "1"]
[WhiteTeam "KJCA Kings"]
[BlackTeam "BCM Dragons"]
[WhiteTeamCountry "ENG"]
[BlackTeamCountry "ENG"]

1. d4 d5 2. c4 dxc4 3. e3 e5 4. Bxc4 exd4 5. exd4 Nf6 6. Nc3 Be7 7. h3 0-0 8. Nf3 Nbd7 9. 0-0 Nb6 10. Bb3 Nbd5 11. Re1 c6 12. Bg5 Be6 13. Nxd5 1/2-1/2

[Event "BCF-chT2d 1415 (4NCL) Demotion pool"]
[Site "England"]
[Date "2015.05.03"]
[Round "10.21"]
[White "Grieve, Harry"]
[Black "Lunn, Matthew"]
[Result "0-1"]
[WhiteElo "2057"]
[BlackElo "2040"]
[PlyCount "84"]
[EventDate "2015.03.29"]
[EventType "team-tourn"]
[EventRounds "11"]
[EventCountry "ENG"]
[SourceTitle "EXT 2016"]
[Source "ChessBase"]
[SourceDate "2015.10.08"]
[SourceVersion "1"]
[SourceVersionDate "2015.10.08"]
[SourceQuality "1"]
[WhiteTeam "MK Phoenix"]
[BlackTeam "KJCA Kings"]
[WhiteTeamCountry "ENG"]
[BlackTeamCountry "ENG"]

1. e4 c5 2. Nc3 Nc6 3. Bb5 Nd4 4. Nf3 a6 5. Bd3 g6 6. Nxd4 cxd4 7. Ne2 Bg7 8. f4 d6 9. c3 dxc3 10. bxc3 Nf6 11. Bc2 b5 12. d4 Bb7 13. Ng3 Qc7 14. Bd2 0-0 15. 0-0 Nd7 16. Rb1 Nb6 17. f5 Nc4 18. Bc1 Rac8 19. Bb3 Na5 20. Bd2 b4 21. Rc1 Qb6 22. Kh1 bxc3 23. Bxc3 Nxb3 24. Qxb3 Qxb3 25. axb3 Bh6 26. Rc2 Rc7 27. Rf3 Bg7 28. Re2 Rfc8 29. Bb2 Rc2 30. Ref2 Bxe4 31. Nxe4 Rxb2 32. Rf1 Rcc2 33. fxg6 fxg6 34. Rg3 Bxd4 35. Ng5 Rf2 36. Rc1 Rbc2 37. Rd1 Be5 38. Rg4 h5 39. Rb4 Rxg2 40. Nf3 Bf6 41. Rb8+ Kf7 42. Rf1 Rgf2 0-1

[Event "BCF-chT2d 1415 (4NCL) Demotion pool"]
[Site "England"]
[Date "2015.05.02"]
[Round "9.21"]
[White "Lunn, Matthew"]
[Black "Whitehead, David J"]
[Result "1-0"]
[WhiteElo "2040"]
[BlackElo "2038"]
[PlyCount "119"]
[EventDate "2015.03.29"]
[EventType "team-tourn"]
[EventRounds "11"]
[EventCountry "ENG"]
[SourceTitle "EXT 2016"]
[Source "ChessBase"]
[SourceDate "2015.10.08"]
[SourceVersion "1"]
[SourceVersionDate "2015.10.08"]
[SourceQuality "1"]
[WhiteTeam "KJCA Kings"]
[BlackTeam "Kings Head"]
[WhiteTeamCountry "ENG"]
[BlackTeamCountry "ENG"]

1. d4 Nf6 2. c4 Nc6 3. Nc3 e5 4. d5 Ne7 5. e4 Ng6 6. g3 Bc5 7. Bg2 0-0 8. h4 d6 9. h5 Ne7 10. Nh3 Bg4 11. Bf3 Qd7 12. Bxg4 Qxg4 13. Bg5 Qxd1+ 14. Rxd1 h6 15. Bxf6 gxf6 16. g4 a6 17. a4 c6 18. 0-0 Bd4 19. Kg2 Rac8 20. Ne2 Bc5 21. Nhg1 Ba7 22. Rc1 cxd5 23. cxd5 Rxc1 24. Rxc1 Rc8 25. Rxc8+ Nxc8 26. Nf3 Nb6 27. b3 Nd7 28. Nd2 Nc5 29. Ng3 Kh7 30. Nf5 Bb8 31. Kf3 Bc7 32. Nc4 Nxb3 33. Ncxd6 Nc5 34. Nxf7 Nxa4 35. d6 Bxd6 36. N7xd6 Nc5 37. Ne3 b5 38. Nd5 Nd7 39. Ke3 Kg8 40. Kd3 Nc5+ 41. Kc3 a5 42. Nxf6+ Kg7 43. Nd5 Kg8 44. f3 b4+ 45. Kc4 Ne6 46. Nb7 Ng5 47. Nxa5 Nxf3 48. Kxb4 Nd2 49. Nc4 Nxe4 50. Nxe5 Kg7 51. Kc4 Ng5 52. Kd4 Kh7 53. Ke3 Kg7 54. Kf4 Ne6+ 55. Kf5 Nd4+ 56. Ke4 Ne6 57. Nf4 Nc7 58. Kf5 Ne8 59. Ne6+ Kh7 60. Nf7 1-0

[Event "Reykjavik op"]
[Site "Reykjavik"]
[Date "2015.03.18"]
[Round "10"]
[White "Movsesian, Julia"]
[Black "Lunn, Matthew"]
[Result "1-0"]
[WhiteElo "2288"]
[BlackElo "2034"]
[PlyCount "63"]
[EventDate "2015.03.10"]
[EventType "swiss"]
[EventRounds "10"]
[EventCountry "ISL"]
[SourceTitle "CBM 165 Extra"]
[Source "ChessBase"]
[SourceDate "2015.04.21"]
[SourceVersion "1"]
[SourceVersionDate "2015.04.21"]
[SourceQuality "1"]

1. e4 c5 2. Nf3 Nc6 3. Nc3 d6 4. Bb5 Bd7 5. Bxc6 Bxc6 6. d4 cxd4 7. Qxd4 Nf6 8. Bg5 e6 9. 0-0-0 Be7 10. Qd3 Qa5 11. Bd2 Qd8 12. Nd4 0-0 13. Bg5 Qa5 14. f4 Rfe8 15. h4 d5 16. Bxf6 Bxf6 17. e5 Be7 18. f5 exf5 19. Nxf5 Bf8 20. Qg3 Re6 21. Nd4 Rg6 22. Qf4 Bb4 23. Rhf1 Rf8 24. h5 Rxg2 25. Rg1 Rxg1 26. Rxg1 Rd8 27. Nf5 Bxc3 28. Nh6+ Kh8 29. Nxf7+ Kg8 30. Rxg7+ Kxg7 31. Qf6+ Kg8 32. Nh6# 1-0

[Event "Reykjavik op"]
[Site "Reykjavik"]
[Date "2015.03.10"]
[Round "1"]
[White "Lunn, Matthew"]
[Black "Grandelius, Nils"]
[Result "0-1"]
[WhiteElo "2034"]
[BlackElo "2603"]
[PlyCount "45"]
[EventDate "2015.03.10"]
[EventType "swiss"]
[EventRounds "10"]
[EventCountry "ISL"]
[SourceTitle "CBM 165 Extra"]
[Source "ChessBase"]
[SourceDate "2015.04.21"]
[SourceVersion "1"]
[SourceVersionDate "2015.04.21"]
[SourceQuality "1"]

1. d4 Nf6 2. c4 e6 3. Nc3 Bb4 4. Qc2 b6 5. e4 c5 6. dxc5 Bb7 7. Bd3 Na6 8. cxb6 Nc5 9. f3 d5 10. cxd5 0-0 11. Nge2 exd5 12. 0-0 d4 13. Nb5 Qxb6 14. a3 Nxd3 15. Qxd3 Ba6 16. a4 Nd7 17. Kh1 Ne5 18. Qxd4 Bxb5 19. axb5 Qxb5 20. Bf4 Nd3 21. Qd5 Qxd5 22. exd5 Rfe8 23. Rad1 0-1

[Event "BCF-chT2a 1415 (4NCL)"]
[Site "England"]
[Date "2015.01.11"]
[Round "4.99"]
[White "Bucher, Grant"]
[Black "Lunn, Matthew"]
[Result "1-0"]
[WhiteElo "2078"]
[BlackElo "2044"]
[PlyCount "77"]
[EventDate "2014.11.15"]
[EventType "team-tourn"]
[EventRounds "7"]
[EventCountry "ENG"]
[SourceTitle "EXT 2016"]
[Source "ChessBase"]
[SourceDate "2015.10.08"]
[SourceVersion "1"]
[SourceVersionDate "2015.10.08"]
[SourceQuality "1"]
[WhiteTeam "Sussex Martlets"]
[BlackTeam "KJCA Kings"]
[WhiteTeamCountry "ENG"]
[BlackTeamCountry "ENG"]

1. e4 c5 2. f4 g6 3. Nf3 Bg7 4. Nc3 Nc6 5. Bb5 Nd4 6. 0-0 a6 7. Be2 d6 8. a4 Nf6 9. d3 0-0 10. Nxd4 cxd4 11. Nb1 Nd7 12. f5 Rb8 13. Nd2 b5 14. axb5 axb5 15. Nf3 Bb7 16. fxg6 hxg6 17. Qe1 Bf6 18. Bg5 Kg7 19. Bxf6+ Nxf6 20. Nxd4 Qb6 21. Qf2 Bc8 22. Ra8 Qb7 23. Ra7 Qxa7 24. Nf5+ gxf5 25. Qxa7 Rb7 26. Qe3 Rg8 27. exf5 Kf8 28. Ra1 Rc7 29. c3 Bxf5 30. Ra8+ Rc8 31. Ra7 Nd5 32. Qd4 Be6 33. Bf3 Nf6 34. Qb6 Bd5 35. Bxd5 Nxd5 36. Qb7 Rc5 37. Ra8+ Kg7 38. Rxg8+ Kxg8 39. d4 1-0

[Event "BCF-chT2d 1314 (4NCL)"]
[Site "England"]
[Date "2014.05.04"]
[Round "10.87"]
[White "Lewyk, Ihor"]
[Black "Lunn, Matthew"]
[Result "1/2-1/2"]
[WhiteElo "2065"]
[BlackElo "2044"]
[PlyCount "35"]
[EventDate "2013.11.16"]
[EventType "team-tourn"]
[EventRounds "11"]
[EventCountry "ENG"]
[SourceTitle "EXT 2015"]
[Source "ChessBase"]
[SourceDate "2014.11.20"]
[SourceVersion "1"]
[SourceVersionDate "2014.11.20"]
[SourceQuality "1"]
[WhiteTeam "White Rose II"]
[BlackTeam "KJCA Kings"]
[WhiteTeamCountry "ENG"]
[BlackTeamCountry "ENG"]

1. Nf3 c5 2. e4 Nc6 3. Bb5 g6 4. Bxc6 bxc6 5. 0-0 Bg7 6. e5 Nh6 7. Nc3 0-0 8. d3 d5 9. h3 Nf5 10. Bd2 f6 11. Bf4 Nd4 12. exf6 Bxf6 13. Ne5 Bg7 14. Bh2 Bxh3 15. Ne2 Bxe5 16. Bxe5 Nxe2+ 17. Qxe2 Bc8 18. c4 1/2-1/2

[Event "BCF-chT2a 1314 (4NCL)"]
[Site "England"]
[Date "2014.03.22"]
[Round "7.35"]
[White "Lunn, Matthew"]
[Black "Dilleigh, Stephen P"]
[Result "1/2-1/2"]
[WhiteElo "2045"]
[BlackElo "2146"]
[PlyCount "102"]
[EventDate "2013.11.16"]
[EventType "team-swiss"]
[EventRounds "11"]
[EventCountry "ENG"]
[SourceTitle "EXT 2015"]
[Source "ChessBase"]
[SourceDate "2014.11.20"]
[SourceVersion "1"]
[SourceVersionDate "2014.11.20"]
[SourceQuality "1"]
[WhiteTeam "KJCA Kings"]
[BlackTeam "Bristol"]
[WhiteTeamCountry "ENG"]
[BlackTeamCountry "ENG"]

1. d4 e6 2. c4 Nf6 3. Nc3 Bb4 4. Qc2 0-0 5. e4 d5 6. e5 Ne4 7. Bd3 c5 8. cxd5 exd5 9. Nge2 cxd4 10. Nxd4 Nd7 11. f4 Ndc5 12. 0-0 Nxd3 13. Qxd3 Bxc3 14. bxc3 Qa5 15. Be3 Qxc3 16. Qxc3 Nxc3 17. Rfc1 Ne4 18. Nb5 b6 19. Nc7 Rb8 20. Nxd5 Re8 21. Rc7 Bb7 22. Ne7+ Kf8 23. Nf5 Bc8 24. Nd4 Rb7 25. Rac1 Nc5 26. Rxb7 Bxb7 27. Nf5 Rc8 28. Nd6 Rc7 29. Bxc5 bxc5 30. Kf2 Bd5 31. a4 a6 32. g4 g6 33. Ke3 Ke7 34. Ne4 Be6 35. Rxc5 Rb7 36. h3 h5 37. gxh5 gxh5 38. h4 Rb3+ 39. Rc3 Rb4 40. a5 Ra4 41. Rc7+ Kd8 42. Rc5 Ke7 43. Nc3 Ra1 44. Nd5+ Kd8 45. Nf6 Ra3+ 46. Kd2 Ra2+ 47. Rc2 Rxa5 48. Nxh5 Ra4 49. Ke3 Ra3+ 50. Ke4 Ra4+ 51. Ke3 Ra3+ 1/2-1/2

[Event "BCF-chT2a 1314 (4NCL)"]
[Site "England"]
[Date "2013.11.16"]
[Round "1.26"]
[White "Clark, Ian C"]
[Black "Lunn, Matthew"]
[Result "1/2-1/2"]
[WhiteElo "2058"]
[BlackElo "2045"]
[PlyCount "62"]
[EventDate "2013.11.16"]
[EventType "team-swiss"]
[EventRounds "11"]
[EventCountry "ENG"]
[SourceTitle "CBM 157 Extra"]
[Source "ChessBase"]
[SourceDate "2013.12.19"]
[SourceVersion "1"]
[SourceVersionDate "2013.12.19"]
[SourceQuality "1"]
[WhiteTeam "Wessex"]
[BlackTeam "KJCA Kings"]
[WhiteTeamCountry "ENG"]
[BlackTeamCountry "ENG"]

1. e4 c5 2. Nf3 Nc6 3. d4 cxd4 4. Nxd4 Nf6 5. Nc3 d6 6. Bc4 e5 7. Nf3 Be6 8. Bxe6 fxe6 9. Qe2 Be7 10. 0-0 0-0 11. Bg5 Rc8 12. Rad1 a6 13. Rd2 Qb6 14. b3 Qa5 15. Nd1 Qxa2 16. Bxf6 Rxf6 17. Ne3 Qa5 18. Rfd1 b5 19. c4 Rcf8 20. Ra2 Qb6 21. cxb5 axb5 22. Rda1 Nd4 23. Nxd4 exd4 24. Nd1 Qc5 25. Ra7 Bd8 26. Rb7 Qb4 27. Rxb5 d3 28. Qxd3 Qe1+ 29. Qf1 Qxe4 30. Ra4 Qb1 31. Ra7 R6f7 1/2-1/2

[Event "4NCL-ch rapid"]
[Site "Daventry"]
[Date "2013.10.06"]
[Round "4"]
[White "Zakarian, David"]
[Black "Lunn, Matthew"]
[Result "1-0"]
[WhiteElo "2408"]
[BlackElo "2045"]
[PlyCount "55"]
[EventDate "2013.10.06"]
[EventType "swiss (rapid)"]
[EventRounds "7"]
[EventCountry "ENG"]
[SourceTitle "CBM 156 Extra"]
[Source "ChessBase"]
[SourceDate "2013.10.22"]
[SourceVersion "1"]
[SourceVersionDate "2013.10.22"]
[SourceQuality "1"]

1. e4 c5 2. Nf3 Nc6 3. Bb5 g6 4. 0-0 Bg7 5. c3 Nf6 6. d4 cxd4 7. cxd4 Nxe4 8. d5 Nb8 9. Re1 Nd6 10. Bd3 0-0 11. Nc3 Na6 12. Bg5 Bf6 13. Bh6 Bg7 14. Bxg7 Kxg7 15. Rc1 b6 16. Bb1 Bb7 17. Qd4+ Kg8 18. h4 Nc7 19. Rcd1 Nce8 20. h5 Nf6 21. h6 Rc8 22. Ne5 Rc5 23. b4 Nb5 24. Nxb5 Rxb5 25. d6 exd6 26. Nxd7 Nh5 27. Qxd6 Re8 28. Nf6+ 1-0